书目信息 |
| 题名: |
橡胶原材料手册
|
|
| 作者: | 于清溪 主编 | |
| 分册: | ||
| 出版信息: | 北京 化学工业出版社 1996.01 |
|
| 页数: | 912页 | |
| 开本: | 16开 | |
| 丛书名: | ||
| 单 册: | ||
| 中图分类: | TQ330.3 | |
| 科图分类: | ||
| 主题词: | 橡胶工业 | |
| 电子资源: | ||
| ISBN: | 7-5025-1524-0 | |
| 000 | 00556nam0 2200193 45 | |
| 001 | 0010031660 | |
| 005 | 20001003165455.1 | |
| 010 | @a7-5025-1524-0@d98.00元 | |
| 100 | @a20001003d1996 km y0chiy0120 ea | |
| 101 | 0 | @achi |
| 105 | @a z 000yy | |
| 200 | 1 | @a橡胶原材料手册@AXiang Jiao Yuan Cai Liao Shou Ce@f于清溪主编@FYu Qing Xi Zhu Bian |
| 210 | @a北京@c化学工业出版社@d1996.01 | |
| 215 | @a912页@d16开 | |
| 606 | 0 | @a橡胶工业 |
| 690 | @aTQ330.3@v3 | |
| 701 | 0 | @a于清溪@4主编 |
| 801 | @aCN@bPftUser@c20001003 | |
| 905 | @b170176-178@dTQ330.3@eY896@f3 | |
| 橡胶原材料手册/于清溪主编.-北京:化学工业出版社,1996.01 |
| 912页;16开 |
| ISBN 7-5025-1524-0:98.00元 |
| ● |
| 相关链接 |
|
|
|
正题名:橡胶原材料手册
索取号:TQ330.3/Y896
 
预约/预借
| 序号 | 登录号 | 条形码 | 馆藏地/架位号 | 状态 | 备注 |
| 1 | 170176 | 201701765 | 自科库501/501自科库 39排1列4层/ [索取号:TQ330.3/Y896] | 在馆 | |
| 2 | 170177 | 201701774 | 期刊室512/501自科库 39排1列4层/ [索取号:TQ330.3/Y896] | 在馆 | |
| 3 | 170178 | 201701783 | 材料与化工学院资料室/ [索取号:TQ330.3/Y896] | 在馆 |